[Event "Monarch Assurance Isle of Man 13th"]
[Site "Port Erin IOM"]
[Date "2004.10.03"]
[Round "9.45"]
[White "Marks, Ian A"]
[Black "Van Kemenade, Rudy"]
[Result "0-1"]
[WhiteElo "1910"]
[BlackElo "2090"]
[PlyCount "84"]
[EventDate "2004.09.25"]
[EventType "swiss"]
[EventRounds "9"]
[EventCountry "IOM"]
[SourceTitle "BritBase"]
[SourceDate "2008.07.14"]
[SourceVersion "1"]
[SourceVersionDate "2008.07.14"]
[SourceQuality "2"]

1. e4 e5 2. Nf3 Nf6 3. Bc4 Nc6 4. d3 Be7 5. c3 O-O 6. O-O d6 7. Bb3 Ng4 8. h3
Nh6 9. Bxh6 gxh6 10. Nbd2 Kh8 11. Kh1 f5 12. Re1 Qe8 13. Qe2 f4 14. d4 Qg6 15.
dxe5 dxe5 16. Bd5 Bf6 17. Nc4 Re8 18. Ncd2 Nd8 19. Nf1 Re7 20. N1h2 Rg7 21. Rg1
Qh5 22. Nd4 Qxe2 23. Nxe2 Ne6 24. Ng4 Rg6 25. Rad1 Bg7 26. Rd2 f3 27. Bxe6 Bxe6
28. gxf3 h5 29. Ne3 Bh6 30. Rgd1 Rag8 31. Rd8 Bxe3 32. Rxg8+ Rxg8 33. fxe3 Bxh3
34. Ng1 Be6 35. b3 Kg7 36. Kg2 Kf6+ 37. Kf2 h4 38. Ne2 h5 39. c4 h3 40. f4 Rg2+
41. Kf1 Bg4 42. fxe5+ Ke7 0-1

[Event "Monarch Assurance Isle of Man 13th"]
[Site "Port Erin IOM"]
[Date "2004.10.03"]
[Round "9.46"]
[White "Pimmingstorfer, Christian"]
[Black "Webster, Richard J"]
[Result "1-0"]
[WhiteElo "2116"]
[BlackElo "2008"]
[PlyCount "75"]
[EventDate "2004.09.25"]
[EventType "swiss"]
[EventRounds "9"]
[EventCountry "IOM"]
[SourceTitle "BritBase"]
[SourceDate "2008.07.14"]
[SourceVersion "1"]
[SourceVersionDate "2008.07.14"]
[SourceQuality "2"]

1. f4 d5 2. Nf3 Nf6 3. e3 e6 4. b3 Be7 5. Bb2 Nbd7 6. Be2 b6 7. O-O O-O 8. Ne5
Bb7 9. d3 c5 10. Nd2 Ne8 11. Qe1 f6 12. Nxd7 Qxd7 13. e4 f5 14. Rd1 Bf6 15. e5
Bd8 16. d4 Rf7 17. c4 Nc7 18. Bf3 g5 19. g3 Na6 20. cxd5 Bxd5 21. Qe2 Nb4 22.
Nc4 gxf4 23. a3 Bxf3 24. Qxf3 Nd5 25. dxc5 fxg3 26. hxg3 bxc5 27. Nd6 Bb6 28.
Rxd5 exd5 29. Qxd5 Rd8 30. Qc4 Kf8 31. Bc1 Rf6 32. exf6 Qxd6 33. Bh6+ Ke8 34.
Re1+ Kd7 35. Qb5+ Kc8 36. Qa6+ Kd7 37. Qb7+ Bc7 38. Re7+ 1-0

[Event "Monarch Assurance Isle of Man 13th"]
[Site "Port Erin IOM"]
[Date "2004.10.03"]
[Round "9.47"]
[White "Truman, Richard G"]
[Black "Waugh, Jonathan C"]
[Result "1-0"]
[WhiteElo "2023"]
[BlackElo "1885"]
[PlyCount "76"]
[EventDate "2004.09.25"]
[EventType "swiss"]
[EventRounds "9"]
[EventCountry "IOM"]
[SourceTitle "BritBase"]
[SourceDate "2008.07.14"]
[SourceVersion "1"]
[SourceVersionDate "2008.07.14"]
[SourceQuality "2"]

1. d4 Nf6 2. c4 g6 3. Nc3 Bg7 4. e4 d6 5. f3 c6 6. Be3 a6 7. Bd3 b5 8. Qd2 O-O
9. Nge2 Nbd7 10. O-O Nb6 11. b3 Bb7 12. Rac1 Nbd7 {(=)} 13. h3 e6 14. f4 bxc4
15. bxc4 c5 16. Rb1 Qc7 17. d5 exd5 18. cxd5 Rfe8 19. Kh1 Re7 20. Bc2 Rae8 21.
e5 Bh6 22. Bf2 Nxe5 23. Bh4 Ned7 24. Ba4 Ne4 25. Qb2 Nxc3 26. Nxc3 Bc8 27. Bxe7
Rxe7 28. f5 Bg7 29. Bxd7 Rxd7 30. f6 Bh6 31. Qf2 a5 32. Qh4 Bf8 33. Rbe1 Rd8
34. Re3 Ba6 35. Rfe1 Qd7 36. Re7 Bxe7 37. fxe7 Re8 38. Ne4 Qxe7 {time} 1-0

[Event "Monarch Assurance Isle of Man 13th"]
[Site "Port Erin IOM"]
[Date "2004.10.03"]
[Round "9.48"]
[White "Dossett, Christopher"]
[Black "De Lagontrie, Jean"]
[Result "1/2-1/2"]
[WhiteElo "1886"]
[BlackElo "1968"]
[PlyCount "81"]
[EventDate "2004.09.25"]
[EventType "swiss"]
[EventRounds "9"]
[EventCountry "IOM"]
[SourceTitle "BritBase"]
[SourceDate "2008.07.14"]
[SourceVersion "1"]
[SourceVersionDate "2008.07.14"]
[SourceQuality "2"]

1. Nf3 c5 2. e4 Nc6 3. c3 e6 4. Bd3 g6 5. O-O Bg7 6. Bc2 Nge7 7. Na3 d5 8. exd5
exd5 9. d4 cxd4 10. Nxd4 Nxd4 11. cxd4 {(=)} O-O 12. Bg5 Re8 13. Bb3 h6 14. Bf4
a6 15. Rc1 Nc6 16. Rc5 Be6 17. Nc2 Re7 18. Qd2 Kh7 19. Re1 Rd7 20. a3 Qb6 21.
Ba4 Qxb2 22. Bxc6 bxc6 23. Rxc6 Bf5 24. h4 h5 25. Be5 Bxc2 26. Qxc2 Qxa3 27.
Re3 Qa1+ 28. Kh2 Bh6 29. Rg3 Rg8 30. f4 Qe1 31. Rxa6 Qf1 32. Rf6 Qe1 33. Qc6
Ra7 34. Qxd5 Rg7 35. f5 Ra1 36. fxg6+ fxg6 37. Rgf3 Qxh4+ 38. Rh3 Qe1 39. Rb3
Qh4+ 40. Rh3 Qe1 41. Rb3 1/2-1/2